Učedník /
Historický román ze Sevilly 17. století odhaluje zkorumpovaný svět obchodníků očima malého chlapce a vypráví příběh o dospívání, odvaze a schopnosti uchovat si jiskřičku lidskosti i tam, kde vládne nespravedlnost.
Uloženo v:
| Hlavní autor: | |
|---|---|
| Další autoři: | |
| Médium: | E-kniha |
| Jazyk: | Czech |
| Vydáno: |
V Brně :
Jota,
2026
|
| Vydání: | První vydání |
| Témata: | |
| Tagy: |
Žádné tagy |
| LEADER | 02724nam a2200433 i 4500 | ||
|---|---|---|---|
| 001 | 312915 | ||
| 003 | CZ PrSKC | ||
| 005 | 20260601215730.0 | ||
| 007 | ta | ||
| 008 | 260213s2026 xr g 000 f cze | ||
| 015 | |a cnb003741001 | ||
| 020 | |a 9788076897311 |q (vázáno) | ||
| 040 | |a ABG001 |b cze |d OLA001 |d BOA001 |e rda | ||
| 041 | 1 | |a cze |h spa | |
| 072 | 7 | |a 821.134.2-3 |x Španělská próza, španělsky psaná |2 Konspekt | |
| 080 | |a 821.134.2-31 |2 MRF | ||
| 080 | |a (0:82-311.6) |2 MRF | ||
| 100 | 1 | |a Echanove, Jon |7 xx0341481 |4 aut | |
| 240 | 1 | 0 | |a Aprendiz. |l Česky |
| 245 | 1 | 0 | |a Učedník / |c Jon Echanove ; překlad Simoneta Dembická |
| 250 | |a První vydání | ||
| 264 | 1 | |a V Brně : |b Jota, |c 2026 | |
| 300 | |a 358 stran ; |c 22 cm | ||
| 336 | |a text |b txt |2 rdacontent | ||
| 337 | |a bez média |b n |2 rdamedia | ||
| 338 | |a svazek |b nc |2 rdacarrier | ||
| 500 | |a Přeloženo ze španělštiny | ||
| 520 | 2 | |a Historický román ze Sevilly 17. století odhaluje zkorumpovaný svět obchodníků očima malého chlapce a vypráví příběh o dospívání, odvaze a schopnosti uchovat si jiskřičku lidskosti i tam, kde vládne nespravedlnost. |b Sevilla 17. století - město bohatství i bídy, lesku chrámů i stínů uliček, kam z Nového světa připlouvají galeony naložené zlatem a zase odplouvají s poklady určenými pro zámořské kolonie. Právě zde začíná příběh chlapce přezdívaného Ještěrka, sirotka, který se protlouká ulicemi s partou kamarádů, dokud není donucen vstoupit do služby vlámského kupce. Stává se jeho učněm - a zároveň svědkem lží, korupce a zrady, která prostupuje celým městem. Na své cestě z hlučných a zapáchajících sevillských uliček přes trhy Mediny del Campo až po daleké břehy Nového světa Ještěrka poznává tvrdost života, ale i sílu lidské vůle. Z chlapce, který slepě poslouchá rozkazy, se stává mladík hledající svou vlastní cestu a svobodu. Nakladatelská anotace. Kráceno. | |
| 655 | 7 | |a španělské romány |7 fd133918 |2 czenas | |
| 655 | 7 | |a historické romány |7 fd132414 |2 czenas | |
| 655 | 9 | |a Spanish fiction |2 eczenas | |
| 655 | 9 | |a historical novels |2 eczenas | |
| 700 | 1 | |a Dembická, Simoneta, |d 1962- |7 xx0086296 |4 trl | |
| 710 | 2 | |a Nakladatelství Jota |7 kn20120920011 |4 pbl | |
| 900 | |a ABA001 |b 20 | ||
| 044 | |a xr | ||
| 910 | |a RBIT002 | ||
| 998 | |d 425005 |a https://core.palmknihy.cz/api/books/425005/cover?tac8sv |b https://core.palmknihy.cz/api/books/425005/cover/400?tac8sv |c https://core.palmknihy.cz/api/books/425005/cover/50?tac8sv |e 2031-04-24 |g 360 |i 9788076897311 |j https://core.palmknihy.cz/api/books/425005/preview.epub |l |q 49 |r 1 |s https://www.palmknihy.cz/kniha/425005 |t ebook |y 2026 |z 0 | ||
| 999 | |d 312913 | ||